Quan hệ kinh tế Mỹ- Nhật Bản 1931-1941 /

Bewaard in:
Bibliografische gegevens
Hoofdauteur: Trần Thiện Thanh, TS.
Formaat: Artikel
Taal:Vietnamese
Onderwerpen:
Tags: Voeg label toe
Geen labels, Wees de eerste die dit record labelt!
Thư viện lưu trữ: Thư viện Trường Đại học Đà Lạt
LEADER 00797nam a2200277 4500
001 DLU110128094
005 ##20111115
040 # # |a DLU  |b vie 
041 # # |a vie 
044 # # |a vn 
100 # # |a Trần Thiện Thanh,   |c TS. 
245 # # |a Quan hệ kinh tế Mỹ- Nhật Bản 1931-1941 /  |c Trần Thiện Thanh. 
653 # # |a Cạnh tranh 
653 # # |a Chiến tranh 
653 # # |a Quan hệ kinh tế  
653 # # |a Quan hệ Mĩ-Nhật 
773 # # |t Nghiên cứu Lịch sử  |g Số 5(409), 2010, tr. 34-44 
920 # # |a Phòng Tạp chí -- Trung tâm Thông tin - Thư viện Trường Đại học Đà Lạt 
994 # # |a DLU 
900 # # |a True 
911 # # |a Nguyễn Thị Linh Chi 
925 # # |a G 
926 # # |a A 
927 # # |a BB 
980 # # |a Thư viện Trường Đại học Đà Lạt